[Event "Forcing Moves Winter-2 U1600"]
[Site "Mississauga CAN"]
[Date "2023.02.26"]
[Round "4.8"]
[White "Sreekumar Maliekal, Balakrishnan"]
[Black "Ambilwade, Ojal"]
[Result "0-1"]
[WhiteElo "1329"]
[BlackElo "1588"]
[PlyCount "108"]
[EventDate "2023.02.25"]
[EventType "swiss"]
[EventRounds "5"]
[EventCountry "CAN"]

1. e4 c5 2. Nc3 d6 3. g3 Nf6 4. Bg2 e6 5. f4 Nc6 6. Nf3 Be7 7. O-O O-O 8. d3 a6
9. h3 d5 10. a3 d4 11. Ne2 b5 12. Bd2 Bb7 13. Rc1 c4 14. Kh2 Bc5 15. Be1 a5 16.
Bf2 Qb6 17. dxc4 Nxe4 18. Bxd4 Nxd4 19. Nfxd4 Rad8 20. c3 bxc4 21. Qc2 Nf6 22.
Bxb7 Qxb7 23. Nf3 h6 24. Ne5 Qb3 25. Qxb3 cxb3 26. Rcd1 Nd5 27. Rf3 Nxc3 28.
Rdd3 Nd1 29. Rxd8 Rxd8 30. Rd3 Rxd3 31. Nxd3 Bxa3 32. bxa3 b2 33. Nxb2 Nxb2 34.
Nd4 Nc4 35. Nb5 Kf8 36. Kg2 Ke7 37. Kf3 Kd7 38. Ke4 Kc6 39. Nd4+ Kc5 40. Nc2
f5+ 41. Kd3 e5 42. fxe5 Nxe5+ 43. Ke3 Kc4 44. Kf4 Kc3 45. Kxe5 Kxc2 46. Kd4 Kb3
47. a4 Kxa4 48. Kc3 Ka3 49. Kc2 a4 50. Kc3 Ka2 51. Kc2 g5 52. Kc1 Kb3 53. Kb1
a3 54. Ka1 f4 0-1

[Event "Forcing Moves Winter-2 U1600"]
[Site "Mississauga CAN"]
[Date "2023.02.26"]
[Round "4.9"]
[White "Hong, Zihan"]
[Black "Garg, Shlok"]
[Result "0-1"]
[WhiteElo "1014"]
[BlackElo "1340"]
[PlyCount "60"]
[EventDate "2023.02.25"]
[EventType "swiss"]
[EventRounds "5"]
[EventCountry "CAN"]

1. d4 Nf6 2. c4 e5 3. dxe5 Ng4 4. Nf3 Bc5 5. e3 Nc6 6. b3 Ngxe5 7. Nxe5 Nxe5 8.
Bb2 d6 9. Be2 Bd7 10. Bxe5 dxe5 11. Qd5 Qe7 12. Qxb7 O-O 13. O-O Rab8 14. Qe4
f5 15. Qc2 Bc6 16. Nd2 e4 17. Rfe1 f4 18. Nf1 f3 19. Bd1 Bb4 20. Nd2 Rbd8 21.
Nxf3 exf3 22. Rf1 fxg2 23. c5 gxf1=Q+ 24. Kxf1 Rd2 25. Qc4+ Bd5 26. Qxb4 Rdxf2+
27. Kg1 Qg5+ 28. Qg4 Rg2+ 29. Kh1 Rxg4+ 30. Bf3 Bxf3# 0-1

[Event "Forcing Moves Winter-2 U1600"]
[Site "Mississauga CAN"]
[Date "2023.02.26"]
[Round "4.11"]
[White "Baradi, Justin"]
[Black "Barnsdale, Nicholas"]
[Result "0-1"]
[WhiteElo "1105"]
[BlackElo "917"]
[PlyCount "52"]
[EventDate "2023.02.25"]
[EventType "swiss"]
[EventRounds "5"]
[EventCountry "CAN"]

1. e4 e6 2. Nf3 d5 3. exd5 exd5 4. d4 Nf6 5. c4 Bg4 6. Nc3 Bb4 7. Qa4+ Nc6 8.
Ne5 Qe7 9. f3 Bd7 10. Qd1 Nxe5 11. dxe5 Qxe5+ 12. Be2 d4 13. O-O dxc3 14. bxc3
Bxc3 15. Rb1 O-O-O 16. f4 Qd4+ 17. Kh1 Qxd1 18. Rxd1 Rhe8 19. Bf3 Bc6 20. Rxd8+
Rxd8 21. Be3 Bxf3 22. gxf3 Re8 23. Bf2 Re2 24. Bxa7 Re1+ 25. Rxe1 Bxe1 26. Kg2
c6 0-1

[Event "Forcing Moves Winter-2 U1600"]
[Site "Mississauga CAN"]
[Date "2023.02.26"]
[Round "4.12"]
[White "Barbisan, Owen"]
[Black "Natarajan, Bhargav"]
[Result "1-0"]
[WhiteElo "921"]
[BlackElo "518"]
[PlyCount "44"]
[EventDate "2023.02.25"]
[EventType "swiss"]
[EventRounds "5"]
[EventCountry "CAN"]

1. d4 e6 2. Bf4 Qf6 3. e3 c5 4. c3 Be7 5. Nf3 Nh6 6. h3 Nc6 7. Bg5 Qg6 8. Bd3
f5 9. Bxe7 Nxe7 10. g3 O-O 11. Nbd2 cxd4 12. exd4 b6 13. Qa4 f4 14. Bxg6 Nxg6
15. Ne5 Nxe5 16. dxe5 fxg3 17. fxg3 Bb7 18. Rf1 Rfe8 19. Qxd7 Reb8 20. Qxe6+
Kh8 21. Qb3 Bc8 22. Rf8+ Ng8 1-0

[Event "Forcing Moves Winter-2 U1600"]
[Site "Mississauga CAN"]
[Date "2023.02.26"]
[Round "4.13"]
[White "Dembla, Shabd"]
[Black "Shi, Sean"]
[Result "1/2-1/2"]
[WhiteElo "1054"]
[BlackElo "1187"]
[PlyCount "100"]
[EventDate "2023.02.25"]
[EventType "swiss"]
[EventRounds "5"]
[EventCountry "CAN"]

1. e4 c5 2. Nf3 Nc6 3. Bc4 d6 4. O-O Nf6 5. d3 Bg4 6. Be3 e6 7. Re1 Nd4 8. Bxd4
cxd4 9. c3 Bxf3 10. Qxf3 Qb6 11. Bb3 Be7 12. e5 dxe5 13. Rxe5 O-O 14. Nd2 dxc3
15. bxc3 a5 16. a4 Rfc8 17. d4 Bd6 18. Rb5 Qc6 19. Qxc6 bxc6 20. Rb7 Rcb8 21.
Rxb8+ Rxb8 22. Rb1 Bf4 23. Nc4 Ne4 24. Nxa5 Nxc3 25. Rb2 Nxa4 26. Ra2 Nc3 27.
Rc2 Ne4 28. Rxc6 g6 29. g3 Bd2 30. Bc2 Nxg3 31. Nb3 Ne4 32. Bxe4 Rxb3 33. d5 f5
34. Rc8+ Kg7 35. dxe6 Kf6 36. Bd5 Rb5 37. Rd8 Bb4 38. Rd7 h5 39. f4 g5 40.
fxg5+ Kxg5 41. Bc6 Re5 42. h4+ Kg6 43. Bd5 f4 44. Kf2 Kf5 45. Rf7+ Kg4 46. Bf3+
Kh3 47. Rxf4 Be1+ 48. Kf1 Bg3 49. Re4 Rxe4 50. Bxe4 Bxh4 1/2-1/2

[Event "Forcing Moves Winter-2 U1600"]
[Site "Mississauga CAN"]
[Date "2023.02.26"]
[Round "4.15"]
[White "Sekaran, Adithya"]
[Black "Routray, Anshuman"]
[Result "0-1"]
[WhiteElo "1054"]
[BlackElo "997"]
[PlyCount "125"]
[EventDate "2023.02.25"]
[EventType "swiss"]
[EventRounds "5"]
[EventCountry "CAN"]

1. e4 e5 2. Nf3 Nc6 3. Bc4 Bc5 4. c3 d6 5. d4 exd4 6. cxd4 Bb4+ 7. Bd2 Bxd2+ 8.
Nbxd2 Bg4 9. d5 Ne5 10. Be2 Nxf3+ 11. Bxf3 Bxf3 12. Nxf3 Nf6 13. Rc1 O-O 14.
Nd2 Re8 15. O-O Nxe4 16. Nxe4 Rxe4 17. Qc2 Re7 18. Qd2 Qd7 19. Qb4 c6 20. dxc6
bxc6 21. h3 h6 22. Rfd1 Re6 23. Rd2 Rc8 24. Rcd1 c5 25. Qf4 Rd8 26. Rd5 Qc6 27.
Qd2 Qb6 28. Rc1 Rc8 29. b4 Rc6 30. Qc3 Re5 31. Rxe5 dxe5 32. bxc5 Qc7 33. Qc4
Qd7 34. Qb5 a6 35. Qb8+ Kh7 36. Qxe5 Qd2 37. Qe4+ g6 38. Qc2 Qd5 39. Qc4 Qf5
40. Rc3 Kg8 41. Rf3 Rxc5 42. Rxf5 Rxc4 43. Ra5 Rc6 44. Kf1 Kf8 45. Ke2 Ke7 46.
Kd3 Kd7 47. Kd4 Kc7 48. Rc5 Kb6 49. Rxc6+ Kxc6 50. Kc4 a5 51. a4 f5 52. g4 fxg4
53. hxg4 h5 54. gxh5 gxh5 55. f4 h4 56. f5 h3 57. f6 Kd6 58. Kb5 h2 59. f7 Ke7
60. Kxa5 h1=Q 61. Kb6 Qb1+ 62. Ka6 Qd3+ 63. Kb6 0-1

[Event "Forcing Moves Winter-2 U1600"]
[Site "Mississauga CAN"]
[Date "2023.02.26"]
[Round "4.16"]
[White "Lewis, Matt"]
[Black "Prakash, Tejas"]
[Result "0-1"]
[WhiteElo "1000"]
[BlackElo "631"]
[PlyCount "120"]
[EventDate "2023.02.25"]
[EventType "swiss"]
[EventRounds "5"]
[EventCountry "CAN"]

1. e4 g6 2. d4 Bg7 3. Bc4 e6 4. Nc3 Nc6 5. Nge2 Nge7 6. Bf4 d5 7. exd5 Nxd5 8.
Bxd5 exd5 9. Nb5 O-O 10. Nxc7 Rb8 11. Nxd5 Ra8 12. c4 a6 13. O-O a5 14. b3 Nb4
15. Nxb4 axb4 16. Qd2 Qb6 17. c5 Qb5 18. Rfd1 Re8 19. Nc1 Bf5 20. h3 h5 21. Re1
Rxe1+ 22. Qxe1 Bxd4 23. Be5 Re8 24. a4 Qxc5 25. Ra2 f6 26. g4 hxg4 27. hxg4 Bb1
28. Qd2 Bxe5 29. Nd3 Qd6 30. Nxe5 Qxd2 31. Rxd2 Rxe5 32. Rd8+ Kf7 33. Rd7+ Re7
34. Rd4 Re4 35. Rd7+ Ke6 36. Rxb7 Rxg4+ 37. Kf1 Rd4 38. a5 Be4 39. Rb6+ Kf5 40.
Ke2 Bg2 41. Rb5+ Kf4 42. Rb6 Kg5 43. Ke3 Rh4 44. Rb5+ Kh6 45. f4 g5 46. Rxb4
gxf4+ 47. Rxf4 Rxf4 48. Kxf4 Kg6 49. a6 f5 50. a7 Kf6 51. b4 Ba8 52. b5 Bb7 53.
b6 Bc6 54. Ke3 Ke5 55. Kd3 f4 56. Kc4 Be4 57. Kb5 f3 58. Ka6 f2 59. b7 f1=Q+
60. Kb6 Qb1+ 0-1

[Event "Forcing Moves Winter-2 U1600"]
[Site "Mississauga CAN"]
[Date "2023.02.26"]
[Round "4.17"]
[White "Deshpande, Rucha"]
[Black "Sreekumar, Gayathri"]
[Result "0-1"]
[WhiteElo "961"]
[BlackElo "974"]
[PlyCount "80"]
[EventDate "2023.02.25"]
[EventType "swiss"]
[EventRounds "5"]
[EventCountry "CAN"]

1. d4 Nf6 2. Bf4 g6 3. Nc3 Bg7 4. Nf3 d6 5. e3 O-O 6. Bc4 Bf5 7. O-O c6 8. Bd3
Bxd3 9. cxd3 Nbd7 10. e4 Re8 11. e5 Nh5 12. Bg3 Nxg3 13. fxg3 dxe5 14. dxe5
Nxe5 15. Nxe5 Bxe5 16. Qb3 e6 17. Qxb7 Rf8 18. Qxc6 Qxd3 19. Qf3 Qd2 20. Rf2
Bd4 21. Rd1 Qxf2+ 22. Qxf2 Bxf2+ 23. Kxf2 Rad8 24. Ke2 Rxd1 25. Kxd1 Rd8+ 26.
Kc2 Kg7 27. a4 Kf6 28. b4 Ke5 29. a5 Rc8 30. Kb3 a6 31. b5 Rb8 32. b6 Kd4 33.
Ne2+ Kc5 34. Kc3 e5 35. Kd3 Kb5 36. Ke4 Kxa5 37. Kxe5 Re8+ 38. Kf6 Rxe2 39. b7
Rb2 40. Kxf7 Rxb7+ {illisible} 0-1

[Event "Forcing Moves Winter-2 U1600"]
[Site "Mississauga CAN"]
[Date "2023.02.26"]
[Round "5.7"]
[White "Ambilwade, Ojal"]
[Black "Dodd, Alex"]
[Result "1/2-1/2"]
[WhiteElo "1588"]
[BlackElo "1175"]
[PlyCount "118"]
[EventDate "2023.02.25"]
[EventType "swiss"]
[EventRounds "5"]
[EventCountry "CAN"]

1. c4 e6 2. d4 Nf6 3. Nc3 Bb4 4. Qc2 O-O 5. Nf3 b6 6. e3 Bb7 7. Be2 Ne4 8. O-O
Bxc3 9. bxc3 d6 10. Bd3 f5 11. Nd2 Nxd2 12. Bxd2 Nd7 13. e4 fxe4 14. Bxe4 Bxe4
15. Qxe4 Qf6 16. Rae1 Rae8 17. Re3 e5 18. Rh3 Qf5 19. Qh4 Nf6 20. Rg3 Qh5 21.
Bg5 Qxh4 22. Bxh4 exd4 23. cxd4 Re4 24. Bxf6 Rxf6 25. Rd3 Rff4 26. Rfd1 Re2 27.
R3d2 Rfe4 28. Kf1 Rxd2 29. Rxd2 Kf7 30. Rd3 g6 31. f3 Re6 32. g4 Kf6 33. h4 h5
34. Kf2 hxg4 35. fxg4 Re4 36. Kf3 Re1 37. Rc3 Rd1 38. Ke4 Rh1 39. c5 Rxh4 40.
Kf4 g5+ 41. Kg3 Rh7 42. Rf3+ Ke6 43. Rf5 Rg7 44. cxb6 axb6 45. a4 c5 46. a5
bxa5 47. dxc5 dxc5 48. Rxc5 Ra7 49. Rxg5 a4 50. Rh5 a3 51. Rh1 a2 52. Ra1 Ke5
53. g5 Kd4 54. Kf4 Kc3 55. g6 Kb2 56. Rg1 Rc7 57. Kf5 Rc5+ 58. Kf6 Rc6+ 59. Kg5
Rc5+ 1/2-1/2

[Event "Forcing Moves Winter-2 U1600"]
[Site "Mississauga CAN"]
[Date "2023.02.26"]
[Round "5.8"]
[White "Tuladhar, Jude"]
[Black "Barbisan, Owen"]
[Result "1-0"]
[WhiteElo "1189"]
[BlackElo "921"]
[PlyCount "43"]
[EventDate "2023.02.25"]
[EventType "swiss"]
[EventRounds "5"]
[EventCountry "CAN"]

1. Nf3 e6 2. g3 d5 3. Bg2 Nf6 4. O-O c5 5. d4 Nc6 6. c4 dxc4 7. Qa4 Qd7 8. Nc3
cxd4 9. Rd1 e5 10. e3 Bc5 11. Qxc4 Qe7 12. Na4 b6 13. Nxc5 Na5 14. Qa4+ Nd7 15.
Nxd7 Bxd7 16. Qc2 Rc8 17. Qe2 Bg4 18. Qb5+ Bd7 19. Qxe5 Qxe5 20. Nxe5 Bf5 21.
b4 Nb7 22. Bxb7 1-0

[Event "Forcing Moves Winter-2 U1600"]
[Site "Mississauga CAN"]
[Date "2023.02.26"]
[Round "5.10"]
[White "Barnsdale, Nicholas"]
[Black "Hong, Zihan"]
[Result "0-1"]
[WhiteElo "917"]
[BlackElo "1014"]
[PlyCount "96"]
[EventDate "2023.02.25"]
[EventType "swiss"]
[EventRounds "5"]
[EventCountry "CAN"]

1. e4 d5 2. exd5 Qxd5 3. Nc3 Qa5 4. Nf3 Nf6 5. g3 Bg4 6. Bg2 c6 7. O-O Nbd7 8.
d4 e6 9. Bf4 Bb4 10. Qd3 Bf5 11. Qe2 Bxc3 12. bxc3 Qxc3 13. Rac1 O-O 14. Ne5
Qa5 15. c4 Rad8 16. g4 Bg6 17. h4 Nxe5 18. dxe5 Bd3 19. Qf3 Bxf1 20. exf6 Bxg2
21. Kxg2 g6 22. Qe3 Rfe8 23. Bd6 Kh8 24. Qh6 Rg8 25. Rd1 b5 26. Be7 Rde8 27.
Rd7 g5 28. Bb4 Qxb4 29. Rxf7 Qb1 30. Rg7 Qe4+ 31. Kg3 Qe5+ 32. Kh3 Qe4 33. Qxg5
Qf3+ 34. Kh2 Qxf2+ 35. Kh3 Qf3+ 36. Kh2 Qe2+ 37. Kh3 Qd3+ 38. Kg2 Ref8 39. Qh6
Qe4+ 40. Kh3 Qd3+ 41. Kg2 Qe2+ 42. Kh3 Qd3+ 43. Kg2 Rf7 44. Rxf7 Rxg4+ 45. Kf2
Qc2+ 46. Kf3 Qe4+ 47. Kf2 Rg2+ 48. Kf1 Qe2# 0-1

[Event "Forcing Moves Winter-2 U1600"]
[Site "Mississauga CAN"]
[Date "2023.02.26"]
[Round "5.11"]
[White "Anish, Diganth"]
[Black "Sreekumar Maliekal, Balakrishnan"]
[Result "1-0"]
[WhiteElo "1157"]
[BlackElo "1329"]
[PlyCount "98"]
[EventDate "2023.02.25"]
[EventType "swiss"]
[EventRounds "5"]
[EventCountry "CAN"]

1. e4 c5 2. Nc3 Nc6 3. Nf3 Nf6 4. Bc4 d6 5. h3 e6 6. d3 d5 7. exd5 exd5 8. Bb3
Na5 9. O-O Nxb3 10. axb3 Be7 11. Bd2 O-O 12. Ne2 b6 13. Ng3 Qc7 14. d4 Bd6 15.
Ne2 Ne4 16. dxc5 bxc5 17. Ba5 Qc6 18. Nd2 Bb7 19. f3 Ng3 20. Nxg3 Bxg3 21. Ra4
Ba6 22. c4 f5 23. f4 Rfe8 24. Qf3 Qg6 25. Qxd5+ Kh8 26. Nf3 Bxf4 27. Raa1 Rab8
28. Qd3 Bb7 29. Rfe1 Be4 30. Qd1 Re6 31. Bc3 Rbe8 32. Rf1 Qg3 33. Qe1 Bxf3 34.
Qxg3 Bxg3 35. Rxf3 f4 36. Rxa7 R6e7 37. Ra5 Re3 38. Rxc5 Rxf3 39. gxf3 h6 40.
b4 Kh7 41. b5 Be1 42. b6 Bxc3 43. bxc3 Re1+ 44. Kf2 Rb1 45. Rb5 Rd1 46. b7 Rd2+
47. Ke1 Rh2 48. b8=Q Rh1+ 49. Kd2 Rxh3 1-0

[Event "Forcing Moves Winter-2 U1600"]
[Site "Mississauga CAN"]
[Date "2023.02.26"]
[Round "5.12"]
[White "Li, Allen"]
[Black "Baradi, Justin"]
[Result "1-0"]
[WhiteElo "1190"]
[BlackElo "1105"]
[PlyCount "79"]
[EventDate "2023.02.25"]
[EventType "swiss"]
[EventRounds "5"]
[EventCountry "CAN"]

1. e4 c5 2. Nc3 e6 3. Nf3 Nc6 4. Bc4 Nf6 5. d3 Be7 6. h3 O-O 7. Be3 d5 8. exd5
exd5 9. Bxd5 Nxd5 10. Nxd5 Qxd5 11. Qd2 Be6 12. a3 Bf6 13. Rb1 Rfe8 14. Qd1
Rad8 15. O-O c4 16. dxc4 Qxd1 17. Rbxd1 Rxd1 18. Rxd1 Bxc4 19. b3 Be2 20. Rd7
Bxf3 21. gxf3 b6 22. Rc7 Re6 23. Rc8+ Bd8 24. b4 Rd6 25. Bf4 Rd1+ 26. Kg2 Ne7
27. Ra8 f6 28. Bc7 Nc6 29. b5 Kf7 30. bxc6 Bxc7 31. Rxa7 Kg6 32. Rxc7 Rd6 33.
c4 Kf5 34. Rc8 Ke6 35. Re8+ Kf7 36. c7 Kxe8 37. c8=Q+ Rd8 38. Qc6+ Rd7 39. Qxb6
Rd8 40. c5 1-0

[Event "Forcing Moves Winter-2 U1600"]
[Site "Mississauga CAN"]
[Date "2023.02.26"]
[Round "5.13"]
[White "Shi, Sean"]
[Black "Routray, Anshuman"]
[Result "0-1"]
[WhiteElo "1187"]
[BlackElo "997"]
[PlyCount "86"]
[EventDate "2023.02.25"]
[EventType "swiss"]
[EventRounds "5"]
[EventCountry "CAN"]

1. e4 e5 2. Nf3 Nc6 3. Bc4 Bc5 4. d3 d6 5. h3 h6 6. c3 Nf6 7. b4 Bb6 8. Nbd2
O-O 9. O-O d5 10. exd5 Nxd5 11. Ne4 Bf5 12. Qb3 Nf6 13. Nxf6+ Qxf6 14. a4 a6
15. Qd1 e4 16. dxe4 Qxc3 17. Bxf7+ Rxf7 18. Bd2 Qc4 19. exf5 Nxb4 20. Ne5 Qc5
21. Nxf7 Kxf7 22. Bxb4 Qxb4 23. Qd5+ Kf8 24. Qxb7 Bxf2+ 25. Rxf2 Qxb7 26. f6
gxf6 27. Rxf6+ Kg7 28. Raf1 Qd5 29. R1f2 c5 30. g3 c4 31. R6f5 Qe6 32. R5f4 c3
33. Rg4+ Kh7 34. Rb4 Qxh3 35. Rb7+ Kh8 36. Rff7 Qxg3+ 37. Kf1 c2 38. Rbc7 Qg6
39. Rf2 Qd3+ 40. Kg2 Rg8+ 41. Kh1 Qd1+ 42. Kh2 Qg1+ 43. Kh3 Qg3# 0-1

[Event "Forcing Moves Winter-2 U1600"]
[Site "Mississauga CAN"]
[Date "2023.02.26"]
[Round "5.14"]
[White "Prakash, Tejas"]
[Black "Dembla, Shabd"]
[Result "0-1"]
[WhiteElo "631"]
[BlackElo "1054"]
[PlyCount "72"]
[EventDate "2023.02.25"]
[EventType "swiss"]
[EventRounds "5"]
[EventCountry "CAN"]

1. e4 c5 2. Nf3 d6 3. Bc4 Nf6 4. Nc3 g6 5. O-O Bg7 6. d4 cxd4 7. Nxd4 O-O 8.
Re1 a6 9. Bg5 Qa5 10. Bd2 Qc5 11. Bg5 Qxg5 12. g3 b5 13. Bd3 Nh5 14. Qf3 Bxd4
15. Re2 Bg4 16. Qg2 Bxe2 17. e5 Ra7 18. Qd5 Bxc3 19. bxc3 Nf4 20. Qe4 Bxd3 21.
cxd3 dxe5 22. Re1 Nd7 23. d4 Nh3+ 24. Kg2 Qf5 25. dxe5 Ng5 26. Qxf5 gxf5 27. e6
Nxe6 28. f3 Rc8 29. Rc1 b4 30. Rd1 bxc3 31. Rc1 c2 32. h4 Rb7 33. h5 Rb1 34.
Rxc2 Rxc2+ 35. Kh3 Rbb2 36. Kh4 Rh2# 0-1

[Event "Forcing Moves Winter-2 U1600"]
[Site "Mississauga CAN"]
[Date "2023.02.26"]
[Round "5.15"]
[White "Natarajan, Bhargav"]
[Black "Sreekumar, Gayathri"]
[Result "0-1"]
[WhiteElo "518"]
[BlackElo "974"]
[PlyCount "62"]
[EventDate "2023.02.25"]
[EventType "swiss"]
[EventRounds "5"]
[EventCountry "CAN"]

1. e4 c5 2. Bc4 e6 3. Nf3 Nc6 4. Nc3 Nf6 5. d3 Be7 6. O-O O-O 7. Bf4 d5 8. Bb5
Bd7 9. Re1 a6 10. Bxc6 Bxc6 11. e5 Nd7 12. d4 Qb6 13. Rb1 cxd4 14. Nxd4 Bc5 15.
Nce2 Bb5 16. c3 a5 17. Qb3 Bxe2 18. Qxb6 Bxb6 19. Rxe2 Rfe8 20. Ree1 Nc5 21.
Red1 f6 22. exf6 gxf6 23. Bd6 Ne4 24. Ba3 e5 25. Ne2 Nxf2 26. Rf1 Ne4+ 27. Kh1
Nd2 28. Rfd1 Nxb1 29. Rxb1 d4 30. cxd4 exd4 31. Rd1 Rxe2 0-1

[Event "Forcing Moves Winter-2 U2000"]
[Site "Mississauga CAN"]
[Date "2023.02.25"]
[Round "1.1"]
[White "Zhong, April Yunwei"]
[Black "D'Souza, Carina"]
[Result "1/2-1/2"]
[WhiteElo "1743"]
[BlackElo "1992"]
[PlyCount "304"]
[EventDate "2023.02.25"]
[EventType "swiss"]
[EventRounds "5"]
[EventCountry "CAN"]

1. e4 d5 2. exd5 Nf6 3. d4 Nxd5 4. c4 Nb6 5. Nc3 e5 6. dxe5 Qxd1+ 7. Nxd1 Nc6
8. f4 Be6 9. Ne3 Bc5 10. f5 Bxe3 11. fxe6 Bxc1 12. Rxc1 Nxe5 13. exf7+ Kxf7 14.
Be2 Rhe8 15. Kf2 Rad8 16. Rc2 Na4 17. Nh3 Nc5 18. Rf1 a5 19. Kg1+ Kg8 20. Nf4
Nc6 21. Bf3 Nd4 22. Rc3 Nxf3+ 23. Rcxf3 Ne4 24. Re3 Nd2 25. Rxe8+ Rxe8 26. Rd1
Nxc4 27. Rd7 Nxb2 28. Rxc7 b5 29. Nh5 Re1+ 30. Kf2 Ra1 31. Rxg7+ Kf8 32. Rg5
Rxa2 33. Rxb5 Nc4+ 34. Kf3 a4 35. Nf6 Kg7 36. Nh5+ Kg6 37. Nf4+ Kf6 38. Rb4
Nd2+ 39. Ke2 Kf5 40. Nd3 Nc4+ 41. Kf3 Nd2+ 42. Ke2 Nb1+ 43. Kf3 Nc3 44. g4+ Kf6
45. h4 Rh2 46. Kg3 Rd2 47. Nc1 Rd1 48. Na2 Nxa2 49. Rxa4 Nc3 50. g5+ Kf5 51.
Ra7 Rd3+ 52. Kf2 Kg6 53. Ra6+ Kg7 54. Ra7+ Kg6 55. Ra6+ Kf5 56. Ra7 Kg6 57.
Ra6+ Kg7 58. h5 Rd7 59. Kf3 Nd5 60. Kg4 Ne7 61. Rb6 Rd4+ 62. Kh3 Rd7 63. Kg3
Nf5+ 64. Kf4 Ne7 65. Kg4 Rd4+ 66. Kh3 Re4 67. h6+ Kg8 68. Rf6 Ng6 69. Ra6 Nf8
70. Ra7 Ne6 71. Rb7 Nxg5+ 72. Kg3 Ne6 73. Kh3 Ng5+ 74. Kg3 Ne6 75. Kh3 Nc5 76.
Rg7+ Kh8 77. Rc7 Kg8 78. Rxc5 Re6 79. Rh5 Kf7 80. Kg4 Kg6 81. Rh1 Re4+ 82. Kf3
Ra4 83. Kg3 Kg5 84. Kf3 Ra3+ 85. Ke4 Ra6 86. Ke5 Rb6 87. Rh2 Rb5+ 88. Ke6 Rb6+
89. Ke5 Rg6 90. Rh1 Ra6 91. Rh2 Ra4 92. Rh1 Kg6 93. Ke6 Re4+ 94. Kd5 Re2 95.
Kd6 Kf6 96. Rf1+ Kg5 97. Rh1 Re4 98. Rh2 Re1 99. Rh3 Kf5 100. Rh2 Kf6 101. Rf2+
Kg6 102. Rh2 Re3 103. Rh1 Kf5 104. Rf1+ Kg5 105. Rh1 Re8 106. Rh2 Kf6 107. Rf2+
Kg6 108. Rh2 Kf5 109. Rf2+ Kg5 110. Rh2 Ra8 111. Ke5 Ra5+ 112. Ke6 Ra6+ 113.
Ke5 Rg6 114. Rh3 Ra6 115. Rh1 Ra2 116. Ke6 Kg6 117. Ke5 Re2+ 118. Kf4 Rf2+ 119.
Ke5 Kg5 120. Ke6 Rf6+ 121. Ke5 Rf8 122. Ke6 Kg6 123. Ke5 Rf5+ 124. Ke6 Rf2 125.
Ke5 Re2+ 126. Kf4 Ra2 127. Ke5 Ra5+ 128. Ke6 Ra6+ 129. Ke5 Ra3 130. Rh2 Rg3
131. Rh1 Re3+ 132. Kf4 Re6 133. Rh2 Rf6+ 134. Ke5 Rf5+ 135. Ke6 Rg5 136. Rh1
Rh5 137. Rxh5 Kxh5 138. Kf5 Kxh6 139. Kf6 Kh5 140. Kf5 h6 141. Kf4 Kh4 142. Kf3
h5 143. Kf4 Kh3 144. Kf3 Kh2 145. Kf2 h4 146. Kf1 Kg3 147. Kg1 Kf3 148. Kh2 Kg4
149. Kg2 h3+ 150. Kh2 Kh4 151. Kg1 Kg3 152. Kh1 h2 1/2-1/2

[Event "Forcing Moves Winter-2 U2000"]
[Site "Mississauga CAN"]
[Date "2023.02.25"]
[Round "1.2"]
[White "Zhong, Ryan Yunhui"]
[Black "Deepak, Laksshana"]
[Result "1/2-1/2"]
[WhiteElo "1932"]
[BlackElo "1683"]
[PlyCount "175"]
[EventDate "2023.02.25"]
[EventType "swiss"]
[EventRounds "5"]
[EventCountry "CAN"]

1. e4 c5 2. Nf3 d6 3. Bb5+ Bd7 4. Bxd7+ Qxd7 5. O-O Nc6 6. c3 e5 7. d3 Nf6 8.
Be3 Be7 9. Nbd2 d5 10. exd5 Qxd5 11. Qb3 O-O 12. Rfd1 Rab8 13. Ne4 Qxb3 14.
axb3 b6 15. Ra6 Nd5 16. Ng3 f5 17. Bg5 Bd6 18. Bc1 Nc7 19. Ra4 Rbd8 20. Rh4 e4
21. Ne1 Be7 22. Rh3 Na5 23. Nh5 Ne6 24. b4 cxb4 25. d4 Nc4 26. Nc2 g6 27. b3
Ne5 28. Nf4 Nxf4 29. Bxf4 Nd3 30. Bh6 Rfe8 31. cxb4 Rc8 32. Ne3 Red8 33. d5
Nxb4 34. Bf4 Nd3 35. Bh6 f4 36. Nf1 Bc5 37. Rdxd3 exd3 38. Rxd3 Bd6 39. g3 fxg3
40. hxg3 Re8 41. Nd2 Re1+ 42. Kg2 b5 43. Nf3 Re2 44. Nd4 Ra2 45. Nxb5 Rd8 46.
Bg5 Rd7 47. Nc3 Ra6 48. Ne4 Kg7 49. Bd2 Be7 50. b4 Rb6 51. Nc5 Rdd6 52. Kf3 Bf6
53. Ke4 Kf7 54. Ra3 a6 55. Ra4 Rb8 56. Bf4 Re8+ 57. Ne6 Rexe6+ 58. dxe6+ Rxe6+
59. Kd5 Be7 60. Bc7 Rf6 61. f4 Ke8 62. Be5 Rb6 63. Bc7 Rxb4 64. Rxa6 Kf7 65.
Ra7 Rb1 66. Be5 Rb5+ 67. Kc4 Rc5+ 68. Kd4 Rc6 69. Ra8 Bf6 70. Bxf6 Kxf6 71.
Rf8+ Kg7 72. Rd8 Kf6 73. g4 Ra6 74. Kd5 Ra5+ 75. Ke4 Ra7 76. Rd6+ Kf7 77. f5
Ra4+ 78. Kf3 Ra3+ 79. Kf4 gxf5 80. gxf5 Ra1 81. Rd7+ Kf6 82. Rd6+ Kf7 83. Kg4
Rg1+ 84. Kh3 Rf1 85. Rd5 Kf6 86. Kg4 h5+ 87. Kxh5 Rxf5+ 88. Rxf5+ 1/2-1/2

[Event "Forcing Moves Winter-2 U2000"]
[Site "Mississauga CAN"]
[Date "2023.02.25"]
[Round "1.3"]
[White "Pham, Anthony"]
[Black "Ruchinskaya, Valerie"]
[Result "1-0"]
[WhiteElo "1593"]
[BlackElo "1902"]
[PlyCount "63"]
[EventDate "2023.02.25"]
[EventType "swiss"]
[EventRounds "5"]
[EventCountry "CAN"]

1. e4 e6 2. d4 d5 3. Nc3 Bb4 4. e5 c5 5. a3 Bxc3+ 6. bxc3 Qa5 7. Bd2 Qa4 8. Qg4
Kf8 9. h4 Ne7 10. h5 h6 11. Rh3 Qxc2 12. Bd3 Qa4 13. Rg3 Rg8 14. Bh7 Nf5 15.
Bxg8 Nxg3 16. Qxg3 Qc2 17. Bxf7 Kxf7 18. Ne2 Nc6 19. Qh4 Ne7 20. Bxh6 Nf5 21.
Qf4 gxh6 22. g4 Bd7 23. gxf5 exf5 24. Rc1 Qa2 25. Qxh6 Rg8 26. Qf6+ Ke8 27. Kf1
Qd2 28. e6 Bb5 29. Qf7+ Kd8 30. e7+ Kc8 31. Qxg8+ Kc7 32. Qd8+ 1-0

[Event "Forcing Moves Winter-2 U2000"]
[Site "Mississauga CAN"]
[Date "2023.02.26"]
[Round "1.4"]
[White "Brajkovic, Nikola"]
[Black "Mehta, Anshul"]
[Result "1-0"]
[WhiteElo "1899"]
[BlackElo "1582"]
[Annotator ",hugh_brodie@hotmail."]
[PlyCount "104"]
[EventDate "2023.02.25"]
[EventType "swiss"]
[EventRounds "5"]
[EventCountry "CAN"]

1. e4 e5 2. Nf3 Nf6 3. d3 Nc6 4. h3 h6 5. Be3 Bb4+ 6. c3 Ba5 7. b4 Bb6 8. Bxb6
axb6 9. b5 Na7 10. Nxe5 Qe7 11. Nf3 Nxb5 12. Be2 d6 13. O-O Be6 14. c4 Na7 15.
Nc3 O-O 16. Qc2 Nc6 17. a3 Ne5 18. Nd4 c5 19. Ndb5 Nc6 20. Qb2 Ra6 21. f4 Rc8
22. Rae1 Ne8 23. Nd5 Qh4 24. Kh2 Ne7 25. Ne3 Bd7 26. Bg4 Bxg4 27. Nxg4 Nc6 28.
Ne3 Qd8 29. Nf5 f6 30. Rf3 Ne7 31. Ne3 Nc7 32. Rg3 Kf7 33. Qb3 Kf8 34. Nc3 Rca8
35. Nc2 Nc6 36. Nb1 Ne6 37. Rf1 Ned4 38. Nxd4 Nxd4 39. Qd1 Qd7 40. Rf2 b5 41.
e5 dxe5 42. fxe5 bxc4 43. exf6 Rxf6 44. Rxf6+ gxf6 45. Qh5 Nf5 46. Rf3 Qd6+ 47.
g3 Ng7 48. Qxh6 Ra6 49. dxc4 Qe6 50. Nd2 Qe2+ 51. Kg1 Kf7 52. Qf4 Qe8 {
Unreadable. White won in 78 moves.} 1-0

[Event "Forcing Moves Winter-2 U2000"]
[Site "Mississauga CAN"]
[Date "2023.02.25"]
[Round "1.5"]
[White "Li, Ethan"]
[Black "Deshpande, Sarthak"]
[Result "1/2-1/2"]
[WhiteElo "1570"]
[BlackElo "1867"]
[PlyCount "100"]
[EventDate "2023.02.25"]
[EventType "swiss"]
[EventRounds "5"]
[EventCountry "CAN"]

1. e4 c6 2. d4 d5 3. exd5 cxd5 4. Nf3 Nf6 5. Be2 Bf5 6. Nbd2 Nc6 7. c3 Qc7 8.
O-O e6 9. Re1 Be7 10. Nf1 O-O 11. Nh4 Be4 12. f3 Bg6 13. Nxg6 hxg6 14. Bg5 Nh5
15. Bxe7 Nxe7 16. Rc1 Nf4 17. g3 Nxe2+ 18. Qxe2 Nf5 19. Ne3 Nxe3 20. Qxe3 Rac8
21. Qd3 Qc4 22. Qxc4 Rxc4 23. Kf2 Rfc8 24. Ke3 b5 25. Rc2 a5 26. a3 Kf8 27. Kd3
b4 28. axb4 axb4 29. Ra1 Ke7 30. Ra7+ Kf6 31. Rb7 bxc3 32. Rxc3 Rxc3+ 33. bxc3
g5 34. Rb2 Rc7 35. Re2 Ke7 36. Rc2 f5 37. h3 Kd6 38. g4 g6 39. gxf5 gxf5 40.
Rg2 Rh7 41. Rxg5 Rxh3 42. Ke3 Rh1 43. Rg2 Rc1 44. Kd2 Ra1 45. Rg7 Ra2+ 46. Kd3
Ra4 47. Ke3 Ra1 48. Kd3 Re1 49. Kd2 Rb1 50. Kd3 Rb6 1/2-1/2